000 00279nam a22001337a 4500
003 SGT
082 _a340,ALI
100 _aALI,H.
245 _aPRINCIPLES OF MARKETING
260 _aLONDON
_bUNIVERSITY OF LONDON
_c2006
300 _a170
650 _aMARKETING
942 _2ddc
_cBK
999 _c11121
_d11121